| 000 | 00780nam a22002174a 4500 | ||
|---|---|---|---|
| 001 | 197782 | ||
| 005 | 20250803063114.0 | ||
| 008 | 241202b2024 sp ||||| |||| 00| 0 spa d | ||
| 040 |
_bspa _cES-MaACL |
||
| 100 | 1 |
_964577 _aHuertas Vázquez, Eduardo |
|
| 245 |
_aRosario Acuña: _b"heroína del librepensamiento y de la república" Anticlerical y Feminista |
||
| 336 |
_2rdacontent _atexto |
||
| 337 |
_2rdamedia _asin mediación |
||
| 338 |
_2rdacarrier _avolumen |
||
| 500 | _aRegistro Provisional. FOLL-DJ-8. Depósito J | ||
| 852 |
_aES-MaACL _cDEPOJ _jFOLL-DJ-8 _xEncuadernación Rustica _zEn Proceso |
||
| 942 |
_2udc _cFOLLETOS _n0 |
||
| 999 |
_c197782 _d197782 |
||